Paul Valery et les beaux-arts /

Bibliographic Details
Main Author: Pelmont, Raoul Andre, 1909-
Format: Book
Language:English
Published: New York : Kraus Reprint Co., 1969.
Series:Harvard studies in Romance languages ; v. 23.
Subjects:

MARC

Tag First Indicator Second Indicator Subfields
LEADER 00000cam a2200000 i 4500
001 in00000497813
005 20151013060731.0
008 760923r19691949nyu b 00110deng d
035 |a (OCoLC)02460893 
035 |9 ACC8695AM 
040 |a TXA  |c TXA  |d UtOrBLW 
049 |a TXAM  |c [1238143] 
090 |a PQ2643.A26  |b Z7264 1969 
100 1 |a Pelmont, Raoul Andre,  |d 1909- 
245 1 0 |a Paul Valery et les beaux-arts /  |c par Raoul Pelmont. 
264 1 |a New York :  |b Kraus Reprint Co.,  |c 1969. 
300 |a 196 pages ;  |c 23 cm. 
336 |a text  |b txt  |2 rdacontent 
337 |a unmediated  |b n  |2 rdamedia 
338 |a volume  |b nc  |2 rdacarrier 
500 |a Originally presented as the author's thesis, Columbia University. 
500 |a Reprint of the 1949 edition published by Harvard University Press, Cambridge, which was issued as volume 23 in the Harvard studies in Roman languages. 
500 |a Includes index. 
504 |a Bibliography: pages [184]-191. 
600 1 0 |a Valéry, Paul,  |d 1871-1945. 
650 0 |a Art  |x Philosophy. 
650 0 |a Music  |x Philosophy and aesthetics. 
650 0 |a Dance. 
830 0 |a Harvard studies in Romance languages ;  |v v. 23. 
999 |a MARS 
999 f f |s 54f16087-d112-3f97-b012-88ce7ae2b7a7  |i 801c9ccd-4f44-3d83-93d4-a022adeceff3  |t 0 
952 f f |p ric  |a Texas A&M University  |b Rellis Campus  |c Joint Library Facility  |d Remote Storage  |t 0  |e PQ2643.A26 Z7264 1969  |h Library of Congress classification  |i unmediated -- volume  |m A14803788769 
998 f f |a PQ2643.A26 Z7264 1969  |t 0  |l Remote Storage